| 000 | 00719cam a2200193 a 4500 | ||
|---|---|---|---|
| 001 | 000004711 | ||
| 005 | 20200929151505.0 | ||
| 008 | 971017s1995 ck b 001 0 spa d | ||
| 040 |
_aDO-SdBNP _cDGU _dDLC |
||
| 082 |
_aH868.99809 _bF363p |
||
| 100 | 1 |
_aFernández Retamar, Roberto, _d1930- _913720 |
|
| 245 | 1 | 0 |
_aPara una teoría de la literatura hispanoamericana / _cRoberto Fernández Retamar. |
| 260 |
_aSantafé, Bogotá : _bInstituto Caro y Cuervo, _c1995. |
||
| 300 |
_a389 p. ; _c24 cm. |
||
| 440 | 0 |
_aPublicaciones del Instituto Caro y Cuervo ; _v92 _912549 |
|
| 650 | 4 |
_aLiteratura hispanoamericana _xHistoria y crítica _96273 |
|
| 650 | 4 |
_aCrítica _zLatinoamerica _913721 |
|
| 910 | _aCatalogación por copia / LC | ||
| 999 |
_c4517 _d4517 |
||